Detalles MARC
| 000 -LEADER |
| fixed length control field |
03967nam a2200481Ii 4500 |
| 001 - CONTROL NUMBER |
| control field |
DIGIBE0332 |
| 003 - CONTROL NUMBER IDENTIFIER |
| control field |
NyNyDIG |
| 006 - FIXED-LENGTH DATA ELEMENTS--ADDITIONAL MATERIAL CHARACTERISTICS |
| fixed length control field |
m o d |
| 007 - PHYSICAL DESCRIPTION FIXED FIELD--GENERAL INFORMATION |
| fixed length control field |
cr ||||||||||| |
| 008 - FIXED-LENGTH DATA ELEMENTS--GENERAL INFORMATION |
| fixed length control field |
130201s2008 sp a ob 100 0 spa d |
| 020 ## - INTERNATIONAL STANDARD BOOK NUMBER |
| Canceled/invalid ISBN |
9788484893486 |
| Qualifying information |
(Iberoamericana) |
| 020 ## - INTERNATIONAL STANDARD BOOK NUMBER |
| Canceled/invalid ISBN |
8484893480 |
| Qualifying information |
(Iberoamericana) |
| 020 ## - INTERNATIONAL STANDARD BOOK NUMBER |
| Canceled/invalid ISBN |
9783865273697 |
| Qualifying information |
(Vervuert) |
| 020 ## - INTERNATIONAL STANDARD BOOK NUMBER |
| Canceled/invalid ISBN |
3865273696 |
| Qualifying information |
(Vervuert) |
| 035 ## - SYSTEM CONTROL NUMBER |
| System control number |
(OCoLC)889966745 |
| 040 ## - CATALOGING SOURCE |
| Original cataloging agency |
DGITA |
| Language of cataloging |
eng |
| Description conventions |
pn |
| Transcribing agency |
DGITA |
| 043 ## - GEOGRAPHIC AREA CODE |
| Geographic area code |
e-sp--- |
| 050 14 - LIBRARY OF CONGRESS CALL NUMBER |
| Classification number |
PC4815.C3 eBook |
| 111 2# - MAIN ENTRY--MEETING NAME |
| Meeting name or jurisdiction name as entry element |
Deutscher Hispanistentag |
| Number of part/section/meeting |
(15th : |
| Date of meeting or treaty signing |
2005 : |
| Location of meeting |
Bremen, Germany) |
| 245 13 - TITLE STATEMENT |
| Title |
El castellano en las tierras de habla catalana / |
| Statement of responsibility, etc. |
Carsten Sinner y Andreas Wesch (eds.). |
| 264 #1 - PRODUCTION, PUBLICATION, DISTRIBUTION, MANUFACTURE, AND COPYRIGHT NOTICE |
| Place of production, publication, distribution, manufacture |
Madrid : |
| Name of producer, publisher, distributor, manufacturer |
Iberoamericana ; |
| Place of production, publication, distribution, manufacture |
Frankfurt am Main : |
| Name of producer, publisher, distributor, manufacturer |
Vervuert, |
| Date of production, publication, distribution, manufacture, or copyright notice |
2008. |
| 300 ## - PHYSICAL DESCRIPTION |
| Extent |
1 online resource (361 pages) : |
| Other physical details |
ill. |
| 336 ## - CONTENT TYPE |
| Content type term |
text |
| Content type code |
txt |
| Source |
rdacontent |
| 337 ## - MEDIA TYPE |
| Media type term |
computer |
| Media type code |
c |
| Source |
rdamedia |
| 338 ## - CARRIER TYPE |
| Carrier type term |
online resource |
| Carrier type code |
cr |
| Source |
rdacarrier |
| 490 1# - SERIES STATEMENT |
| Series statement |
Lingüística iberoamericana ; |
| Volume/sequential designation |
v. 32. |
| 500 ## - GENERAL NOTE |
| General note |
Papers presented in a section of the XV Congreso de la Asociación Alemana de Hispanistas, held in Bremen in Mar. 2005. |
| 504 ## - BIBLIOGRAPHY, ETC. NOTE |
| Bibliography, etc. note |
Includes bibliographical references. |
| 505 0# - FORMATTED CONTENTS NOTE |
| Formatted contents note |
Presentación / Carsten Sinner y Andreas Wesch -- El castellano en las tierras de lengua catalana: estado de la cuestión / Carsten Sinner y Andreas Wesch -- Mujeres de hacer faenas que limpian racholas: sobre algunos catalanismos léxicos / Andreas Wesch -- Posibles interferencias del catalán en el español de los estudiantes de Secundaria de la provincia de Alicante / Jaume Climent de Benito -- La lengua y el tema en conversaciones de preferencia individual: aspectos de la correspondencia relativa en el bilingüismo catalán castellano / Ulrich Hoinkes/Bàrbara Roviró -- La influencia de actitudes identitarias personales sobrelas costumbres fonéticas de los emigrantes andaluces en Cataluña / Francisco Báez de Aguilar González -- "Castellorquín": el castellano hablado por los mallorquines / Hans-Ingo Radatz -- "Castellorquín": el castellano hablado por los mallorquines / Hans-Ingo Radatz -- El habla de los graueros: peculiaridades del castellano de los jóvenes del distrito portuario de Castellón / Anja Käuper/Carlos J. Guerrero Ramos -- Transgresiones lingüísticas bidireccionales: el lenguaje juvenil entre el castellano y el catalán / Katharina Wieland -- Patrones léxicos en el español de los catalanohablantes: aproximación cualitativa / Montserrat Casanovas Català -- La formación de una Unidad Funcional discursiva: lo que en el castellano de Mallorca / Magdalena Romera -- Materiales para la historia del castellano hablado en Mallorca: el Archivo Epistolar de Pedro de Santacilia / Andrés Enrique-Arias -- La conjugación de los verbos irregulares, entre prejuicio y análisis lingüístico / Carsten Sinner -- Una derivación transcódica en el español de los Països Catalans y el papel del conocimiento lingüístico en su génesis / Robert E Vann -- La frase hecha, entre variabilidad e interferencia / Jenny Brumme -- El uso del catalán en los periódicos regionales de lengua castellana / Johannes Müller-Lancé -- La sociedad de la información en Cataluña: soluciones terminológicas espontáneas vs. propuestas planificadas / Elisenda Bernal. |
| 650 #0 - SUBJECT ADDED ENTRY--TOPICAL TERM |
| Topical term or geographic name entry element |
Spanish language |
| Geographic subdivision |
Spain |
| -- |
Catalonia. |
| 650 #0 - SUBJECT ADDED ENTRY--TOPICAL TERM |
| Topical term or geographic name entry element |
Spanish language |
| Geographic subdivision |
Spain |
| -- |
Valencia (Province) |
| 650 #0 - SUBJECT ADDED ENTRY--TOPICAL TERM |
| Topical term or geographic name entry element |
Spanish language |
| Geographic subdivision |
Spain |
| -- |
Balearic Islands. |
| 650 #0 - SUBJECT ADDED ENTRY--TOPICAL TERM |
| Topical term or geographic name entry element |
Catalan language |
| General subdivision |
Influence on Spanish. |
| 655 #0 - INDEX TERM--GENRE/FORM |
| Genre/form data or focus term |
Electronic books. |
| 700 1# - ADDED ENTRY--PERSONAL NAME |
| Personal name |
Sinner, Carsten. |
| 700 1# - ADDED ENTRY--PERSONAL NAME |
| Personal name |
Wesch, Andreas. |
| 791 2# - |
| -- |
Digitalia (Firm), |
| -- |
distributor. |
| 793 0# - |
| -- |
Digitalia eBook Collection: |
| -- |
Iberoamericana/Vervuert. |
| 830 #0 - SERIES ADDED ENTRY--UNIFORM TITLE |
| Uniform title |
Lingüística iberoamericana ; |
| Volume/sequential designation |
v. 32. |
| 856 40 - ELECTRONIC LOCATION AND ACCESS |
| Materials specified |
Digitalia Hispánica |
| Uniform Resource Identifier |
<a href="https://www.digitaliapublishing.com/a/18331/">https://www.digitaliapublishing.com/a/18331/</a> |
| 910 ## - USER-OPTION DATA (OCLC) |
| User-option data |
Premium Collection: 2007-2012 |
| 942 ## - ADDED ENTRY ELEMENTS (KOHA) |
| Koha item type |
Recurso Electrónico |